000
00255nam a2200109Ia 4500
008
230907s9999||||xx |||||||||||||| ||und||
082
_a
621.381
_b
TOC
245
0
_a
Digital systems /
260
_a
Pearson,
_b
Noida :
_c
2013
300
_a
848 p.
942
_c
BK
999
_c
598873
_d
598873